Pokémon - Attacken von Krebutack in KA/PU - Statistiken

Allgemein
  • Dieses Quiz wurde 2 mal gespielt
  • Das Durchschnittsergebnis liegt bei 30 aus 66
Antwortstatistiken
Antwort % Korrekt
Aquaknarre
100%
Aquawelle
100%
Drachentanz
100%
Eisstrahl
100%
Erholung
100%
Felsgrab
100%
Kaskade
100%
Krabbhammer
100%
Metallklaue
100%
Raub
100%
Regentanz
100%
Risikotackle
100%
Schlafrede
100%
Steinhagel
100%
Surfer
100%
Tera-Ausbruch
100%
Wasserdüse
100%
Abschlag
50%
Aquadurchstoß
50%
Blizzard
50%
Blubbstrahl
50%
Bodycheck
50%
Bodyslam
50%
Delegator
50%
Durchbruch
50%
Eisenabwehr
50%
Fassade
50%
Finsteraura
50%
Gigastoß
50%
Grimasse
50%
Hydropumpe
50%
Hyperstrahl
50%
Kalte Dusche
50%
Knirscher
50%
Kreuzschere
50%
Nachthieb
50%
Schaufler
50%
Schutzschild
50%
Silberblick
50%
Stahlpresse
50%
Standpauke
50%
Verhöhner
50%
Antik-Kraft
0%
Ausdauer
0%
Doppelschlag
0%
Eissturm
0%
Frustventil
0%
Groll
0%
Guillotine
0%
Härtner
0%
Kalkklinge
0%
Lawine
0%
Lehmbrühe
0%
Lehmschuss
0%
Matschbombe
0%
Nahkampf
0%
Notsituation
0%
Ränkeschmied
0%
Schlammwoge
0%
Schleuder
0%
Schlitzer
0%
Schwerttanz
0%
Sternschauer
0%
Trugschlag
0%
Wechseldich
0%
Whirlpool
0%
Keine übereinstimmenden Quizze gefunden
Verteilung der Resultate
Anzahl Personen mit jedem Resultat
Perzentil nach korrekt beantworteten Fragen
Ihre Resultats-Entwicklung
Sie haben dieses Quiz noch nicht gespielt